000 00694nam a22002177a 4500
003 UA-OsUOA
001 93794
007 ta
008 20130129b un ||||| |||| 00| 0 ukr d
100 _aСюндюков І.
090 _a94(477)
_bС98
942 _cSA
040 _aUA-OsUOA
_bukr
_cUA-OsUOA
_dUA-OsUOA
245 _aСпогади про двох звитяжців. Євген Маланюк про правдивих героїв визвольних боїв в Україні в роках 1918 та 1919-му
300 _aС.8
955 _a0
041 _aukr
080 _a94(477)
773 0 _w93791
650 7 _a9 Географія. Біографії. Історія
_2UDC
999 _c380037
_d380037